| 000 | 01206nam a22002417a 4500 | ||
|---|---|---|---|
| 003 | NALT | ||
| 005 | 20210809150009.0 | ||
| 008 | s2541 th tha d | ||
| 040 | _aNALT | ||
| 041 | _atha | ||
| 090 | _aว Z249 ส323ส 2541 | ||
| 100 | 0 | _aสรกิจ โศภิตกุล | |
| 245 | 1 | 0 |
_aสถานภาพและความต้องการของผู้ประกอบการโรงพิมพ์ระบบออฟเซต : _bศึกษาเฉพาะในภูมิภาคตะวันตก / _cสรกิจ โศภิตกุล |
| 246 | _a\The \\status and needs of the owners of offset-printing houses : a case study in the western region | ||
| 260 | 3 |
_aกรุงเทพฯ : _bมหาวิทยาลัยศิลปากร, _c2541 |
|
| 300 |
_a77 หน้า : _b ตาราง ; _c 29 ซม. |
||
| 650 | 0 | 4 | _aผู้ประกอบการโรงพิมพ์ -- วิจัย |
| 650 | 0 | 4 | _aโรงพิมพ์ -- วิจัย |
| 650 | 0 | 4 | _aโรงพิมพ์ระบบออฟเซต -- วิจัย |
| 850 | _aNALT | ||
| 942 |
_cRSH _2lcc |
||
| 998 |
_bSOPAPORN _j109 _k อารีรัตน์ วิชาช่าง |
||
| 999 |
_c30543 _d30543 |
||